| 000 | 00419nmm a2200145Ia 4500 | ||
|---|---|---|---|
| 008 | 251105s9999||||xx |||||||||||||||||und|| | ||
| 041 | _aspa | ||
| 100 | _aMartin Fynn, Alexandra | ||
| 245 | 0 |
_aDe Inglaterra a Virginia : _b Los McLeod 1 |
|
| 264 |
_a[Madrid, España] : _bEdiciones B, _c2016 |
||
| 300 | _a349 páginas | ||
| 650 | _aRomance | ||
| 856 | _uhttps://public.digitaliapublishing.com/a/53710 | ||
| 942 | _cCF | ||
| 999 |
_c105830 _d105830 |
||